000 01016nam a2200217 i 4500
001 181176
003 ES-MaACL
005 20250809034614.0
008 121029s1913 sp |||| | spa d
100 1 _aGuichot y Barrera, Joaquín (
_d1884-1944)
_960651
245 1 0 _aAlgo sobre la evolución de las doctrinas penales /
_cpor Joaquín Guichot ; prólogo de Bernardino Alimena.
260 _a[Madrid :
_bJunta para Ampliación de Estudios e Investigaciones Científicas,
_c1913] (
_fImp. de Fortanet)
300 _aP. 214-390 ;
_c24 cm.
490 1 _aAnales de la Junta para Ampliación de Estudios e Investigaciones Científicas ;
_vt. 9, memoria 5
650 0 7 _aDerecho penal
_2embne
_911749
700 1 _aAlimena, Bernardino.
_919935
710 2 _aJunta para la Ampliación de Estudios e Investigaciones Científicas.
_95413
830 0 _aAnales de la Junta para Ampliación de Estudios e Investigaciones Científicas ;
_vt. 9, memoria 5
_9186710
852 _aES-MaACL
_jB-13165(4)
999 _c181176
_d181176